| 000 | 01596nam a2200337Ia 4500 | ||
|---|---|---|---|
| 000 | nam a22 i 4500 | ||
| 001 | UNACH-7699 | ||
| 007 | ta | ||
| 008 | 221212s ||||fr|||| 00| | spa d | ||
| 020 | _a978-958-682-792-6 | ||
| 041 | 0 | _aspa | |
| 082 | 0 | 4 |
_a511.8 _bMatemáticas financieras - Modelos matemáticos. |
| 100 | 1 |
_aSerrano Rodriguez, Javier, _eautor |
|
| 245 | 1 | 0 | _aMatemáticas financieras y evaluación de proyectos. |
| 250 | _aSegunda edición | ||
| 264 | 3 | 1 |
_a[Buenos Aires] : _aArgentina : _bAlfaomega Grupo Editor Argentino S.A., _c2010 |
| 300 |
_a433 páginas : _bilustraciones y tablas |
||
| 336 |
_atexto _btxt _2rdacontent |
||
| 337 |
_ano mediado _bn _2rdamedia |
||
| 338 |
_avolumen _bnc _2rdacarrier |
||
| 504 | _aIncluye: bibliografía. | ||
| 505 | 0 | _aProyectos de inversión y proyecto de financiamiento.-- La tasa de interés de oportunidad y las relaciones de equivalencia.-- interes nominal y efectivo.-- Indicadores para medir la bondad: económica de un proyecto de inversión.-- Matemáticas financieras: resumen a través de problemas avanzados.-- Información financiera. Estructura operacional y apalancamiento operacional.-- Rentabilidad del proyecto en sí y rentabilidad del capital propio aportado al proyecto.-- Flujo de caja libre para el proyecto y para el inversionista: casos. | |
| 650 | 1 | 4 | _aRENTABILIDAD |
| 650 | 2 | 4 | _aAMORTIZACIÓN |
| 650 | 2 | 4 | _aDIAGRAMAS DE FLUJO |
| 650 | 2 | 4 | _aEJERCICIOS PARA RESOLVER |
| 650 | 2 | 4 | _aINTERES EFECTIVO |
| 653 | 0 | _aMatematicas financieras - Modelos matemáticos. | |
| 942 |
_2ddc _c1 _n0 |
||
| 999 |
_c6232 _d6232 |
||